| 000 | 00751nam a2200229 a 4500 | ||
|---|---|---|---|
| 001 | 21727 | ||
| 003 | CO-ViMGA | ||
| 008 | 141112s2004 ck r 000 u spa d | ||
| 020 | _a8484881199 | ||
| 040 |
_aCO-ViMGA _bspa _cCO-ViMGA |
||
| 082 | 0 | 4 | _aCOUm |
| 100 | 1 |
_aCousins, Lucy _931008 |
|
| 245 | 1 | 0 | _aMaisy va de excursión |
| 260 |
_aBarcelona : _bSerres, _c2004 |
||
| 300 | _a28 | ||
| 590 | _aForma de adquisición : Donación fact. 8857 - - Precio : 54000 - - Proveedor : Fundación exito - - Fecha de adquisición : Julio 2007 | ||
| 650 | 1 | 4 |
_aALBUMES INFANTILES _92002 |
| 650 | 1 | 4 |
_aCUENTOS INFANTILES _92743 |
| 650 | 1 | 4 |
_aEXCURSIONES ESCOLARES - CUENTOS INFANTILES _931009 |
| 650 | 1 | 4 |
_aLIBROS ILUSTRADOS PARA NIÑOS _92001 |
| 942 |
_2ddc _cBK |
||
| 999 |
_c30286 _d30286 |
||